000 01191 a2200217 4500
003 Nust
005 20221117124703.0
010 _a 93003701
020 _a0387556400 (Springer-Verlag New York Berlin Heidelberg)
020 _a3540556400 (Springer-Verlag Berlin Heidelberg New York)
040 _cNust
082 0 0 _a512.72,COH
100 1 _aCohen, Henri.
_995838
245 1 2 _aA course in computational algebraic number theory /
_cHenri Cohen.
260 _aBerlin ;
_aNew York :
_bSpringer-Verlag,
_cc1993.
300 _axxi, 534 p. ;
_c24 cm.
440 0 _aGraduate texts in mathematics ;
_v138
_995739
505 _aFundamental Number Theoretic Algorithms (Page-), Algorithms for Linear Algebra and Lattices (Page-46), Algorithms on Polynomials (Page-109), Algorithms for Algebraic Number Theory 1 (Page-153), Algorithms for Quadratic Fields (Page-223), Algorithms for Algorithms for Algebraic Number Theory II (Page-303), Introduction To Elliptic Curves (Page-367), Factoring in the Dark Ages (Page-419), Modern Partiality Tests (Page-445), Modern Factoring Methods (Page-477).
650 0 _aAlgebraic number theory
_xData processing.
_9102661
942 _cREF
_2ddc
_k512.72,COH
999 _c175626
_d175626